Top 50 - Largest City in Each Country Beginning With 'F' - Statistics

General Stats
  • This quiz has been taken 217 times
  • The average score is 10 of 50
Answer Stats
# Population Country Answer % Correct
4 3,275,000 Germany Frankfurt am Main
99%
8 1,000,000 Italy Florence
94%
7 1,330,000 Morocco Fès
93%
6 1,340,000 Sierra Leone Freetown
90%
3 3,775,000 Brazil Fortaleza
83%
2 3,950,000 Pakistan Faisalābād
80%
5 2,800,000 Japan Fukuoka
79%
1 4,550,000 China Fúzhōu
71%
8 1,000,000 United States Fresno
61%
15 250,884 Iraq Fallujah
29%
25 115,365 Martinique Fort-de-France
29%
19 173,791 Botswana Francistown
20%
29 105,782 Portugal Funchal
20%
12 314,449 Uzbekistan Fergana
17%
39 64,614 Canada Fredericton
17%
23 118,992 Norway Fredrikstad
17%
26 112,211 Switzerland Fribourg
15%
10 604,214 India Fīrozābād
13%
14 254,900 Argentina Formosa
12%
28 110,568 Gabon Franceville
12%
13 266,358 United Kingdom Farnborough
11%
11 519,047 Egypt Fayoum
11%
17 191,776 Madagascar Fianarantsoa
10%
24 117,106 Austria Feldkirch
9%
44 54,191 Cuba Florida
8%
22 137,832 Spain Fuengirola - Mijas
6%
38 66,293 Ukraine Feodosia
4%
20 157,300 Colombia Florencia
4%
21 143,281 Mexico Fresnillo
4%
49 42,800 Afghanistan Farāh
3%
30 102,064 Philippines Floridablanca
3%
31 99,692 France Fréjus
3%
16 237,266 Bangladesh Faridpur
2%
50 42,628 Kosovo Ferizaj
2%
37 66,648 Romania Focșani
2%
45 53,698 Czech Republic Frýdek-Místek
2%
27 111,231 Turkey Fethiye
1%
32 96,404 Albania Fieri - Patosi
1%
40 60,800 Uganda Fort Portal
1%
35 82,072 Nigeria Funtua
1%
36 73,200 Burkina Faso Fada N'Gourma
0%
41 60,449 Guinea Faranah
0%
18 181,174 Iran Fardis
0%
43 55,910 Cote d'Ivoire Ferkessedougou
0%
46 52,900 Peru Ferreñafe
0%
42 58,400 Ethiopia Finote Selam
0%
34 83,522 Cameroon Foumban
0%
48 44,117 Guatemala Fraijanes
0%
47 49,376 Algeria Frenda
0%
33 93,616 United Arab Emirates Fujarah
0%
No matching quizzes found
Score Distribution
Percent of People with Each Score
Percentile by Number Answered
Your Score History
You have not taken this quiz